000 00622nam a22001937a 4500
005 20251108173706.0
008 250721s2004 xx 000 0 ara d
082 1 4 _a344.046/موم
100 1 _aالمومني، ماهر محمد
245 1 0 _aالحماية القانونية للبيئة في المملكة الأردنية الهاشمية /
264 1 _aعمان :
_bوزارة الثقافة،
_c2004.
300 _a272 ص.
650 1 7 _aالقانون
650 1 7 _aحماية القانون
650 1 7 _aتشريعات البيئة
650 1 7 _aالأردن
942 _2ddc
_cBK
999 _c110089
_d110089